000 01574nam a2200409 i 4500
001 192996
003 ES-MaACL
005 20240526062943.0
007 ta
008 230720b2023 sp ||||| |||| 00| 0 spa d
017 _aB 8278-2023
_bOficina Depósito Legal Barcelona
020 _a9788419655325
040 _bspa
_cES-MaACL
080 _a305-055.2-056.45
080 _a316.647.82:316.346.2
100 _9233767
_aSanz Chacón, Carmen
_eaut
245 1 0 _aDestacar o callar :
_bniñas y mujeres con altas capacidades /
_cCarmen Sanz Chacón ; prólogo de Carmen Guaita y Pilar Gómez-Acebo
246 0 _iSubtítulo de cubierta:
_aCómo se ha subestimado la inteligencia de las mujeres y por qué es necesario poner en valor a las chicas de altas capacidades
250 _aPrimera edición en esta colección: mayo de 2023
264 1 _aBarcelona :
_bPlataforma Editorial,
_c2023
300 _a223 páginas ;
_c22 cm
336 _2rdacontent
_aTexto
337 _2rdamedia
_asin mediación
338 _2rdacarrier
_avolumen
490 1 _aPlataforma actual
500 _aÍndice
504 _aBibliografía: páginas 215-223
650 7 _aPersonas superdotadas
_2embne
_9233768
650 4 _911937
_aDiscriminación sexual
700 1 _aGuaita, Carmen
_9233769
_eaui
700 1 _aGómez-Acebo, Pilar
_9233770
_eaui
830 _9192007
_aPlataforma actual
852 _aES-MaACL
_bR.154413
_cDEPOJ
_hDonación: Editorial
_jN-8502
_9200300
942 _n0
_cMONOGRAFIA
999 _c192996
_d192996